000 00232 a2200109 4500
001 66162
040 _cAnchieta - Pituba
240 1 0 _aOficina de música 2014
_l
245 1 0 _aOficina de música 2014
650 4 _aMúsica
942 _cMX
999 _c66162
_d66162